000 00846nam0a22002651 4500
001 rc\420659
005 20250621080849.0
035 _a(NLR Aleph) 005668161
090 _a6945129
_c6945129
100 _a20030616d1987 |||y0rusy50 ca
101 0 _arus
102 _aRU
105 _aa |||||||||
200 1 _aЭлектрохимия
_e[Учеб. пособие для вузов по спец. "Химия"]
210 _aМ.
_cВысш. школа
_d1987
215 _a295 с.
_cил.
_d22
320 _aБиблиогр.: с. 287-288
320 _aПредм. указ.: 289-293
700 1 _aДамаскин
_bБ.Б.
_gБорис Борисович
701 1 _aПетрий
_bО.А.
_gОлег Александрович
801 0 _aRU
_bNLR
_gpsbo
801 1 _aRU
_bELAR
_2rusmarc
852 _aNLR
_j87-5/1751
942 _cBOOK
980 _aNB